| 000 | 01840camaa22003732i 4500 | ||
|---|---|---|---|
| 001 | 14113008 | ||
| 003 | EG-GICUC | ||
| 005 | 20260513153125.0 | ||
| 008 | 050919s2005 caua jr 001 0 eng c | ||
| 020 |
_a1590594177 _qpbk. |
||
| 020 |
_a9781590594179 _q(pbk.) |
||
| 040 |
_aDST _cDST _dOCL _dUMC _dBAKER _dDLC _dEG-GICUC _beng _erda |
||
| 082 | 0 | 0 |
_a005.276 _221 _bR146 |
| 092 | 0 | 4 |
_221 _a005.276 _bR146 |
| 099 | _a005.276 R146 | ||
| 100 | 1 |
_aRammer, Ingo. _eمؤلف. |
|
| 245 | 1 | 0 |
_aAdvanced .NET remoting / _cIngo Rammer and Mario Szpuszta. |
| 250 | _a2nd ed. | ||
| 264 |
_aBerkeley, CA : _aNew York : _bApress ; _bDistributed to the Book trade in the United States by Springer-Verlag, _cc2005. |
||
| 300 |
_axxvii, 579 p. : _billustration ; _c24 cm. |
||
| 336 |
_atext _btxt _2rdacontent |
||
| 337 |
_aunmediated _bn _2rdamedia |
||
| 338 |
_avolume _bnc _2rdacarrier |
||
| 500 | _aIncludes index. | ||
| 504 | _aBibliography: pages 549-579. | ||
| 505 | 0 | _aIntroduction to remoting -- .NET remoting basics -- .NET remoting in action -- Configuration and deployment -- Securing .NET remoting -- Creating remoting clients -- In-depth .NET remoting -- The ins and outs of versioning -- .NET remoting tips and best practices -- Troubleshooting .NET remoting -- Inside the framework -- Creation of sinks -- Extending .NET remoting -- Developing a transport channel -- Context matters -- .NET remoting usage reference -- .NET remoting extensibility reference -- .NET remoting links. | |
| 541 |
_aوزارة الثقافة ؛ _bالقاهرة ؛ _cإهداء ؛ _d2023. |
||
| 650 | 0 | _aInternet programming. | |
| 650 | 0 | _aClient/server computing. | |
| 700 | 1 |
_aSzpuszta, Mario. _eReviewer. |
|
| 856 | 4 | 2 |
_3Publisher description _uhttp://www.loc.gov/catdir/enhancements/fy0662/2005280432-d.html |
| 905 | _aSamah | ||
| 942 |
_2ddc _cBK _e21 _n0 |
||
| 999 |
_c180135 _d180135 |
||